| 000 | 00349nam a2200121Ia 4500 | ||
|---|---|---|---|
| 008 | 171212s9999 xx 000 0 und d | ||
| 020 | _a9781783742134 | ||
| 100 | _aZicari, Massimo | ||
| 245 |
_cZicari, Massimo _aVerdi in Victorian London |
||
| 260 |
_bOpen Book Publishers _c2016 |
||
| 650 | _aMusic | ||
| 856 | _uhttp://jstor.org/stable/j.ctt1d41d0q | ||
| 999 |
_c351603 _d351603 |
||